000 00533nam a2200217Ia 4500
003 OSt
005 20220928143913.0
006 a|||||r|||| 00| 0
007 ta
008 220927b |||||||| |||| 00| 0 eng d
024 _a23326
037 _cTextual
040 _aSDCL
_cSDCL
_beng
041 _2eng
_aeng
082 _aQ1:f, M7
100 _aLal Krishna
_9506226
245 0 _aSanskrit-Shudha
_b Vedic adhyayana.
260 _c1987
942 _hQ1:f, M7
_cTEXL
_2CC
999 _c825272
_d825272